Взаимодействие вод нижней части бассейна реки Томи с минералами вмещающих пород; Геологическая эволюция взаимодействия воды с горными породами

Opis bibliograficzny
Parent link:Геологическая эволюция взаимодействия воды с горными породами.— 2015.— [С. 110-113]
1. autor: Наймушина О. С. Ольга Сергеевна
Korporacja: Национальный исследовательский Томский политехнический университет (ТПУ) Институт природных ресурсов (ИПР) Кафедра гидрогеологии, инженерной геологии и гидрогеоэкологии (ГИГЭ) Научно-образовательный центр "Вода" (НОЦ "ВОДА") Проблемная научно-исследовательская лаборатория гидрогеохимии (ПНИЛ ГГХ)
Streszczenie:Заглавие с экрана
В работе рассмотрено взаимодействие разных типов природных вод с ведущими минералами вмещающих горных пород нижней части бассейна реки Томи. Проанализирован химический состав вод, выявлены его специфические особенности и характерные черты. В результате проведенных расчетов показано, что система «вода-порода» применительно к территории исследования носит равновесно-неравновесный характер.
Język:rosyjski
Wydane: 2015
Hasła przedmiotowe:
Dostęp online:http://confwr2015.fegi.ru/
Format: Elektroniczne Rozdział
KOHA link:https://koha.lib.tpu.ru/cgi-bin/koha/opac-detail.pl?biblionumber=643794

MARC

LEADER 00000naa0a2200000 4500
001 643794
005 20250605165224.0
035 |a (RuTPU)RU\TPU\network\8792 
090 |a 643794 
100 |a 20150930d2015 k y0rusy50 ca 
101 0 |a rus 
102 |a RU 
135 |a drcn ---uucaa 
181 0 |a i  
182 0 |a b 
200 1 |a Взаимодействие вод нижней части бассейна реки Томи с минералами вмещающих пород  |f О. С. Наймушина 
203 |a Текст  |c электронный 
300 |a Заглавие с экрана 
320 |a [Библиогр.: с. 113 (7 назв.)] 
330 |a В работе рассмотрено взаимодействие разных типов природных вод с ведущими минералами вмещающих горных пород нижней части бассейна реки Томи. Проанализирован химический состав вод, выявлены его специфические особенности и характерные черты. В результате проведенных расчетов показано, что система «вода-порода» применительно к территории исследования носит равновесно-неравновесный характер. 
463 |t Геологическая эволюция взаимодействия воды с горными породами  |o материалы Второй Всероссийской конференции с международным участием, г. Владивосток, 06 – 11 сентября 2015 г.  |f Дальневосточный федеральный университет, Дальневосточный геологический институт ДВО РАН, Московский государственный университет им. М.В. Ломоносова, Национальный исследовательский Томский политехнический университет  |v [С. 110-113]  |d 2015 
610 1 |a электронный ресурс 
610 1 |a труды учёных ТПУ 
610 1 |a Томь 
610 1 |a вмещающие породы 
700 1 |a Наймушина  |b О. С.  |c гидрогеолог  |c ассистент Томского политехнического университета, инженер-исследователь  |f 1982-  |g Ольга Сергеевна  |3 (RuTPU)RU\TPU\pers\30810 
712 0 2 |a Национальный исследовательский Томский политехнический университет (ТПУ)  |b Институт природных ресурсов (ИПР)  |b Кафедра гидрогеологии, инженерной геологии и гидрогеоэкологии (ГИГЭ)  |b Научно-образовательный центр "Вода" (НОЦ "ВОДА")  |b Проблемная научно-исследовательская лаборатория гидрогеохимии (ПНИЛ ГГХ)  |3 (RuTPU)RU\TPU\col\19129 
801 2 |a RU  |b 63413507  |c 20150930  |g RCR 
850 |a 63413507 
856 4 |u http://confwr2015.fegi.ru/ 
942 |c CF